000 00545nam a2200181Ia 4500
005 20250508155512.0
008 008 250505s9999 xx 000 0 eng d
037 _aTextual
040 _aFEDL
_beng
_cFEDL
041 _aeng
_2eng
084 _a153.35, STE
_qFEDL
100 _aStein Morris I.
245 0 _aCreativity and the individual : Summaries of selected literature in psychology and psychiatry
300 _a428p.
700 _a Heinze Shirley J.
_9767035
942 _cTEXL
_h153.35, STE
999 _c1357316
_d1357316